[Event "Lille Luce op 6th"]
[Site "Lille"]
[Date "2015.05.08"]
[Round "7"]
[White "Nollet, Fabrice"]
[Black "Cottegnie, Francis"]
[Result "0-1"]
[WhiteElo "1694"]
[BlackElo "1904"]
[PlyCount "48"]
[EventDate "2015.05.04"]
[EventType "swiss"]
[EventRounds "9"]
[EventCountry "FRA"]
[SourceTitle "EXT 2017"]
[Source "ChessBase"]
[SourceDate "2016.10.25"]
[SourceVersion "1"]
[SourceVersionDate "2016.10.25"]
[SourceQuality "1"]

1. b4 d5 2. Bb2 Nf6 3. Nf3 Bg4 4. e3 Nbd7 5. Be2 e6 6. a3 Bd6 7. 0-0 0-0 8. d4 Ne4 9. Ne5 Bf5 10. c4 dxc4 11. f3 Nef6 12. e4 Nxe4 13. fxe4 Bxe4 14. Bf3 Bd5 15. Qe1 c6 16. Nc3 Nf6 17. Bc1 a5 18. bxa5 Rxa5 19. Ne4 Nxe4 20. Bxe4 Qb6 21. Kh1 Qxd4 22. Bxd5 Rxd5 23. Bf4 Bxe5 24. Bxe5 Qxe5 0-1